Dmiralty Handbook Of Wireless Telegraphy 1931 (Record no. 164596)

MARC details
000 -LEADER
fixed length control field 00461nam a2200181Ia 4500
008 - FIXED-LENGTH DATA ELEMENTS--GENERAL INFORMATION
fixed length control field 230612s9999 xx 000 0 und d
041 ## - LANGUAGE CODE
Language code of text/sound track or separate title eng
082 ## - DEWEY DECIMAL CLASSIFICATION NUMBER
Classification number 621.87 MUR
100 ## - MAIN ENTRY--PERSONAL NAME
Personal name Murray O.
9 (RLIN) 136612
245 ## - TITLE STATEMENT
Title Dmiralty Handbook Of Wireless Telegraphy 1931
260 ## - PUBLICATION, DISTRIBUTION, ETC. (IMPRINT)
Date of publication, distribution, etc. 1931
Name of publisher, distributor, etc. Johnson And Phillips
300 ## - PHYSICAL DESCRIPTION
Extent 1012
365 ## - TRADE PRICE
Currency code Rs.
500 ## - GENERAL NOTE
Keywords W. 2003-04
700 ## - ADDED ENTRY--PERSONAL NAME
Personal name Murray O.
9 (RLIN) 136612
906 ## - LOCAL DATA ELEMENT F, LDF (RLIN)
d B:16-Mar-2008
c ETC
Holdings
Withdrawn status Lost status Damaged status Not for loan Home library Current library Date acquired Vendor Budget Code Full call number Barcode Date last seen Bill Date Koha item type Original Barcode
Withdrawn       Cummins College of Engineering for Women Pune Cummins College of Engineering for Women Pune 12/11/1991 Masurkar Enterprises ETC 621.87 MUR CCEP-BK-313 12/06/2023 16/03/2008 Books 000313